Government responses to gang power: from truce to war on gangs in El Salvador = Respuestas gubernamentales al poder las pandillas: de la tregua a la guerra de bandas en El Salvador /
Furkejuvvon:
| Váldodahkki: | |
|---|---|
| Materiálatiipa: | Girji |
| Giella: | English |
| Liŋkkat: | texto completo desde el sitio de la revista |
| Fáddágilkorat: |
Lasit fáddágilkoriid
Eai fáddágilkorat, Lasit vuosttaš fáddágilkora!
|
MARC
| LEADER | 00000nam a22000007a 4500 | ||
|---|---|---|---|
| 003 | cru CIDCACS/IIS | ||
| 005 | 20200111062535.0 | ||
| 007 | ta | ||
| 008 | 200110s2019 ne |||p|r||||||0| ||eng|| | ||
| 999 | |c 42812 |d 42812 | ||
| 040 | |c cru CIDCACS/IIS | ||
| 100 | 1 | |a Borgh, Chris van der |9 8924 | |
| 245 | 1 | |a Government responses to gang power: |b from truce to war on gangs in El Salvador = Respuestas gubernamentales al poder las pandillas: de la tregua a la guerra de bandas en El Salvador / |c Chris van der Borgh | |
| 300 | |a páginas 1-25 | ||
| 773 | 0 | |0 19150 |9 3746 |a Centro de Estudios Latinoamericanos y Documentación |d Amsterdam, Países Bajos Centro de Estudios Latinoamericanos y Documentación |o 18585 |t Revista Europea de Estudios Latinoamericanos y El Caribe = |x 09240608 | |
| 856 | |u https://www.erlacs.org/articles/abstract/10.32992/erlacs.10433/ |y texto completo desde el sitio de la revista | ||
| 942 | |2 ddc |c PP | ||
